[Event "FISU World University-ch 2020"]
[Site "Online"]
[Date "2020.10.26"]
[Round "8.33"]
[White "Flores, Carolina Del Milagro"]
[Black "Caceres Boada, Ragde Leonardo"]
[Result "1/2-1/2"]
[WhiteElo "1465"]
[BlackElo "1242"]
[Annotator "NA"]
[PlyCount "135"]
[EventDate "2020.10.26"]
[SourceTitle "playchess.com"]
[Source "ChessBase"]
[SourceQuality "1"]

1. d4 Nf6 2. e3 g6 3. c4 Bg7 4. Nc3 d6 5. Nf3 O-O 6. Be2 Nbd7 7. O-O e5 8. d5 Nc5 9. Nd2 Ne8 10. e4 f5 11. exf5 Bxf5 12. Nf3 h6 13. Be3 e4 14. Nd2 Nd3 15. Bxd3 exd3 16. Rb1 Kh7 17. Nde4 Qe7 18. f3 Bxc3 19. bxc3 Nf6 20. Nxf6+ Rxf6 21. Qd2 b6 22. Rfe1 Qg7 23. g4 Bd7 24. Bd4 Qf7 25. Bxf6 Qxf6 26. Qxd3 Kg7 27. Qe3 Ba4 28. Qe7+ Qf7 29. Qxf7+ Kxf7 30. Re3 Re8 31. Rbe1 a5 32. Rxe8 Bxe8 33. Kf2 Ba4 34. Kg3 Bc2 35. f4 Bd3 36. a3 Bxc4 37. Rd1 Bb3 38. Rd2 Ba4 39. h4 Kf6 40. g5+ hxg5 41. hxg5+ Kf5 42. Re2 Bb3 43. Re7 Bxd5 44. Rxc7 b5 45. Rd7 Ke6 46. Rg7 Kf5 47. Rc7 Bc4 48. Rd7 Ke6 49. Ra7 a4 50. Kg4 Bd3 51. Ra6 Kd5 52. Ra7 Kc4 53. Rc7+ Kb3 54. Rd7 Kxa3 55. Rxd6 Bc2 56. f5 Bxf5+ 57. Kf4 Kb3 58. Rd5 a3 59. Rxb5+ Kxc3 60. Rxf5 gxf5 61. g6 a2 62. g7 a1=Q 63. g8=Q Qf1+ 64. Ke5 Qb5+ 65. Qd5 Qxd5+ 66. Kxd5 Kd3 67. Ke5 Ke3 68. Kxf5 1/2-1/2

[Event "FISU World University-ch 2020"]
[Site "Online"]
[Date "2020.10.26"]
[Round "8.34"]
[White "Palu, Andres"]
[Black "Sole, Michael D"]
[Result "1-0"]
[WhiteElo "2068"]
[BlackElo "1805"]
[Annotator "ChessBase"]
[PlyCount "79"]
[EventDate "2020.10.26"]
[SourceTitle "playchess.com"]
[Source "ChessBase"]
[SourceQuality "1"]

1. e4 e5 2. Nf3 Nc6 3. d4 exd4 4. Bc4 Nf6 5. e5 Ne4 6. O-O Be7 7. Re1 Nc5 8. Nxd4 Nxd4 9. Qxd4 O-O 10. Nc3 Ne6 11. Qd3 d6 12. exd6 Bxd6 13. Be3 Nf4 14. Bxf4 Bxf4 15. Qf3 Bxh2+ 16. Kf1 Be6 17. Bxe6 fxe6 18. Qh3 Qd4 19. Re2 Bd6 20. Rd1 Qf4 21. Ne4 Rae8 22. g3 Qf5 23. Qxf5 Rxf5 24. Rxd6 cxd6 25. Nxd6 Rd8 26. Nxf5 exf5 27. Re7 Rd2 28. Rc7 a6 29. Ke1 Rd6 30. Rxb7 h6 31. c4 Kh7 32. c5 Rc6 33. b4 h5 34. Rb6 Rc7 35. Rxa6 Rb7 36. a3 g5 37. Kf1 h4 38. Kg2 g4 39. gxh4 f4 40. Rf6 1-0

[Event "FISU World University-ch 2020"]
[Site "Online"]
[Date "2020.10.26"]
[Round "8.34"]
[White "Heyworth, Nicholas"]
[Black "A_____, E____________"]
[Result "1-0"]
[WhiteElo "1752"]
[BlackElo "1767"]
[Annotator "NA"]
[PlyCount "85"]
[EventDate "2020.10.26"]
[SourceTitle "playchess.com"]
[Source "ChessBase"]
[SourceQuality "1"]

1. e4 e6 2. d4 d5 3. Nd2 Nf6 4. e5 Nfd7 5. Bd3 c5 6. c3 Nc6 7. Ngf3 Be7 8. O-O Qb6 9. dxc5 Bxc5 10. Qe2 O-O 11. Nb3 Be7 12. Be3 Qc7 13. Bf4 b6 14. Rac1 Bb7 15. Rfd1 Bc5 16. Qc2 Ncxe5 17. Nxe5 Nxe5 18. Bxh7+ Kh8 19. Qe2 Kxh7 20. Qh5+ Kg8 21. Bxe5 Bd6 22. Bxg7 Bxh2+ 23. Kh1 Kxg7 24. Qg5+ Kh7 25. Rd3 Bg3 26. Rxg3 Qxg3 27. Qxg3 Rg8 28. Qc7 Rab8 29. Qxf7+ Rg7 30. Qxe6 d4 31. f3 Rbg8 32. Qh3+ Kg6 33. Qe6+ Kh7 34. Qf5+ Kh6 35. Nxd4 Bc8 36. Qf4+ Kh7 37. g4 Bxg4 38. fxg4 Rxg4 39. Qf5+ R8g6 40. Nf3 Kg7 41. Re1 Rh6+ 42. Nh2 Rhg6 43. Nxg4 1-0

[Event "FISU World University-ch 2020"]
[Site "Online"]
[Date "2020.10.26"]
[Round "8.35"]
[White "Frankental, David"]
[Black "Kottahachchi, A S"]
[Result "1-0"]
[WhiteElo "1938"]
[BlackElo "1400"]
[Annotator "NA"]
[PlyCount "97"]
[EventDate "2020.10.26"]
[SourceTitle "playchess.com"]
[Source "ChessBase"]
[SourceQuality "1"]

1. d4 Nf6 2. c4 g6 3. Nc3 Bg7 4. e4 d6 5. Be2 O-O 6. Be3 e5 7. d5 a5 8. g4 Na6 9. g5 Ne8 10. h4 f5 11. gxf6 Nxf6 12. Qd2 Qe7 13. O-O-O Nc5 14. f3 a4 15. Nh3 a3 16. b3 Nh5 17. Rdg1 Bd7 18. Nf2 Nf4 19. Rg3 Kh8 20. Nd3 Nfxd3+ 21. Bxd3 Rf7 22. Be2 Qf8 23. h5 gxh5 24. Rxh5 b5 25. cxb5 Bf6 26. Rg1 Qe7 27. Kb1 Rg7 28. Bg5 Rag8 29. Bxf6 Qxf6 30. Rxg7 Rxg7 31. Qc1 Qf4 32. Qxa3 Qd2 33. Qc1 Qxc1+ 34. Kxc1 Rg1+ 35. Kd2 Rg2 36. Ke3 Kg7 37. b4 Nb7 38. a4 Kg6 39. Rh1 h5 40. a5 Kg5 41. a6 Nd8 42. a7 Bxb5 43. a8=Q h4 44. Qxd8+ Kh5 45. Qh8+ Kg5 46. Qg7+ Kh5 47. Qxg2 Bxe2 48. Qg4+ Kh6 49. Rxh4# 1-0

[Event "FISU World University-ch 2020"]
[Site "Online"]
[Date "2020.10.26"]
[Round "8.35"]
[White "Ketipearachchi, Dilanka Hideo"]
[Black "Cilento, Lucas Geraldo"]
[Result "1-0"]
[WhiteElo "1510"]
[BlackElo "1952"]
[Annotator "NA"]
[PlyCount "79"]
[EventDate "2020.10.26"]
[SourceTitle "playchess.com"]
[Source "ChessBase"]
[SourceQuality "1"]

1. d4 c5 2. c3 d5 3. Nf3 Nc6 4. e3 Nf6 5. Be2 e6 6. O-O Bd6 7. dxc5 Bxc5 8. b4 Bd6 9. Bb2 O-O 10. b5 Ne7 11. a4 Ng6 12. c4 Bc7 13. c5 Ne4 14. Qc2 Nh4 15. g3 Nf5 16. Bd3 Ng5 17. Nbd2 h5 18. Qc3 Nxf3+ 19. Nxf3 f6 20. Rad1 e5 21. e4 dxe4 22. Bc4+ Kh8 23. Rxd8 Rxd8 24. Nd2 Nd4 25. Nxe4 Bh3 26. Rc1 Bf5 27. Qe3 Ba5 28. Nd6 Bg4 29. Bxd4 exd4 30. Nf7+ Kh7 31. Qd3+ g6 32. Nxd8 Rxd8 33. Kg2 Bf5 34. Qf3 Re8 35. Qxb7+ Kh6 36. Qxa7 Bb4 37. c6 d3 38. Bxd3 Bxd3 39. c7 Rc8 40. Qe3+ 1-0

[Event "FISU World University-ch 2020"]
[Site "Online"]
[Date "2020.10.26"]
[Round "8.37"]
[White "Tapia Alvarez, Alejandro"]
[Black "Muhseen Abdullah Mohammed"]
[Result "0-1"]
[WhiteElo "1450"]
[BlackElo "2200"]
[Annotator "TA"]
[PlyCount "96"]
[EventDate "2020.10.26"]
[SourceTitle "playchess.com"]
[Source "ChessBase"]
[SourceQuality "1"]

1. Nf3 d5 2. g3 Nc6 3. Bg2 e5 4. d3 Bg4 5. O-O Qd7 6. Nbd2 Bh3 7. e4 d4 8. b3 Bxg2 9. Kxg2 h5 10. h4 Be7 11. Nc4 f6 12. a4 Nh6 13. Bd2 Nf7 14. Qe2 g5 15. c3 gxh4 16. Nxh4 a6 17. cxd4 Nxd4 18. Qd1 Nh6 19. Be3 Bb4 20. Qxh5+ Qf7 21. Qxf7+ Nxf7 22. Bxd4 exd4 23. Nf5 Bc3 24. Rh1 O-O-O 25. Rxh8 Rxh8 26. Rd1 Ne5 27. Ne7+ Kd7 28. Nd5 Ng4 29. Nxc3 dxc3 30. Rc1 b5 31. axb5 axb5 32. Na3 b4 33. Nc2 c5 34. d4 Kd6 35. dxc5+ Kxc5 36. Kf3 Ne5+ 37. Ke3 Rh2 38. Ne1 Ng4+ 39. Kf3 Ne5+ 40. Ke3 Rh8 41. f4 Nc6 42. Nd3+ Kd6 43. Kf3 Rh2 44. g4 Nd4+ 45. Ke3 Nxb3 46. Rb1 Rh3+ 47. Ke2 Nd4+ 48. Kf2 Rxd3 0-1

[Event "FISU World University-ch 2020"]
[Site "Online"]
[Date "2020.10.26"]
[Round "9.1"]
[White "Liu, Yan"]
[Black "Albornoz Cabrera, Carlos Daniel"]
[Result "1/2-1/2"]
[WhiteElo "2524"]
[BlackElo "2573"]
[Annotator "TA"]
[PlyCount "118"]
[EventDate "2020.10.26"]
[SourceTitle "playchess.com"]
[Source "ChessBase"]
[SourceQuality "1"]

1. Nf3 Nf6 2. c4 g6 3. g3 Bg7 4. Bg2 O-O 5. O-O d6 6. d4 Nbd7 7. Qc2 e5 8. Rd1 exd4 9. Nxd4 Re8 10. Nc3 Nc5 11. e4 Qe7 12. Bg5 c6 13. Rd2 h6 14. Bf4 Rd8 15. h3 Ne6 16. Nxe6 Bxe6 17. Rad1 Bxc4 18. Bxd6 Qe8 19. e5 Nh7 20. f4 Be6 21. Ne4 Bd5 22. Nc5 Bxg2 23. Kxg2 b6 24. Na6 c5 25. Qe4 Rac8 26. Nc7 Qd7 27. e6 fxe6 28. Qxg6 Qc6+ 29. Kh2 Rxc7 30. Bxc7 Rxd2+ 31. Rxd2 Nf8 32. Rd8 Qxc7 33. Qxe6+ Qf7 34. Qxf7+ Kxf7 35. b3 Ke6 36. Kg2 Nd7 37. Kf3 b5 38. Rc8 Kd5 39. g4 Bd4 40. h4 c4 41. bxc4+ bxc4 42. Rd8 Kd6 43. g5 hxg5 44. fxg5 c3 45. Ke2 Bf2 46. g6 Bd4 47. h5 Ke7 48. h6 Kxd8 49. g7 Bxg7 50. hxg7 Nf6 51. Kd3 Ke7 52. Kxc3 Kf7 53. Kc4 Nd7 54. Kd5 Nb8 55. Kd6 Na6 56. Kc6 Nb4+ 57. Kb5 Nxa2 58. Ka6 Kxg7 59. Kxa7 Nb4 1/2-1/2

[Event "FISU World University-ch 2020"]
[Site "Online"]
[Date "2020.10.26"]
[Round "9.1"]
[White "Chen, Qi b"]
[Black "Lopez Gonzalez, Abel Fabian"]
[Result "1-0"]
[WhiteElo "2493"]
[BlackElo "2379"]
[Annotator "ChessBase"]
[PlyCount "53"]
[EventDate "2020.10.26"]
[SourceTitle "playchess.com"]
[Source "ChessBase"]
[SourceQuality "1"]

1. e4 e5 2. Nf3 Nc6 3. Bb5 a6 4. Ba4 Nf6 5. O-O Be7 6. Re1 b5 7. Bb3 d6 8. c3 O-O 9. a4 Na5 10. Bc2 Bb7 11. d4 Nd7 12. Na3 exd4 13. Nxd4 c5 14. Nf5 b4 15. cxb4 cxb4 16. Bd2 Nc6 17. Nc4 Nde5 18. Nxe5 dxe5 19. Qg4 g6 20. Rad1 Nd4 21. Be3 Bc5 22. Bb3 Qb6 23. Nxd4 Bxd4 24. Bxd4 exd4 25. e5 Rad8 26. e6 fxe6 27. Rxe6 1-0

[Event "FISU World University-ch 2020"]
[Site "Online"]
[Date "2020.10.26"]
[Round "9.1"]
[White "Elias Reyes, Jorge Roberto"]
[Black "Lei, Tingjie"]
[Result "1/2-1/2"]
[WhiteElo "2428"]
[BlackElo "2505"]
[Annotator "TA"]
[PlyCount "54"]
[EventDate "2020.10.26"]
[SourceTitle "playchess.com"]
[Source "ChessBase"]
[SourceQuality "1"]

1. e4 e5 2. Nf3 Nc6 3. Bc4 Bc5 4. c3 Nf6 5. d3 d6 6. a4 a5 7. O-O h6 8. Re1 O-O 9. h3 Re8 10. Nbd2 Be6 11. Bb5 Bd7 12. Nc4 Qb8 13. Be3 Bxe3 14. Nxe3 Qd8 15. Qb3 Nh5 16. Bc4 Rf8 17. d4 Nf4 18. dxe5 dxe5 19. Rad1 Qc8 20. Nd5 Ng6 21. Ne3 Nf4 22. Nd5 Ng6 23. Ne3 Nf4 24. Nd5 Ng6 25. Ne3 Nf4 26. Nd5 Ng6 27. Ne3 Nf4 1/2-1/2

[Event "FISU World University-ch 2020"]
[Site "Online"]
[Date "2020.10.26"]
[Round "9.1"]
[White "Palmero Martinez, Rachel"]
[Black "Xu, Minghui"]
[Result "0-1"]
[WhiteElo "2099"]
[BlackElo "2407"]
[Annotator "NA"]
[PlyCount "44"]
[EventDate "2020.10.26"]
[SourceTitle "playchess.com"]
[Source "ChessBase"]
[SourceQuality "1"]

1. e4 c6 2. d4 d5 3. Nc3 g6 4. exd5 cxd5 5. Be3 Nh6 6. Qd2 Nf5 7. Bf4 Bg7 8. Nf3 O-O 9. O-O-O Nc6 10. Nb5 a6 11. Nc7 Ra7 12. g4 Nfxd4 13. Nxd4 Nxd4 14. Qa5 e5 15. Qb6 exf4 16. Qxa7 Qxc7 17. Rxd4 Qa5 18. Bg2 Qxa2 19. Rb4 f3 20. Bxf3 Bh6+ 21. Kd1 Re8 22. c3 Qb1# 0-1

[Event "FISU World University-ch 2020"]
[Site "Online"]
[Date "2020.10.26"]
[Round "9.2"]
[White "Bilguun, Sumiya"]
[Black "Rubio Tent, Francisco"]
[Result "1-0"]
[WhiteElo "2454"]
[BlackElo "2357"]
[Annotator "ChessBase"]
[PlyCount "61"]
[EventDate "2020.10.26"]
[SourceTitle "playchess.com"]
[Source "ChessBase"]
[SourceQuality "1"]

1. e4 c5 2. Nf3 Nc6 3. Nc3 e5 4. Bc4 Be7 5. d3 d6 6. Nd2 Bg5 7. h4 Bh6 8. g4 Bf4 9. Nd5 Bxd2+ 10. Bxd2 Nge7 11. Ne3 Be6 12. c3 Qd7 13. Qf3 O-O-O 14. Bd5 Kb8 15. a3 Rhf8 16. b4 cxb4 17. axb4 Rc8 18. b5 Nd8 19. c4 Bxd5 20. cxd5 f5 21. gxf5 g6 22. f6 Ng8 23. Nc4 b6 24. Qh3 Qc7 25. f4 Rxf6 26. O-O Nf7 27. Rfc1 Qc5+ 28. Be3 Qb4 29. Rab1 Qa4 30. Nxb6 Rxc1+ 31. Rxc1 1-0

[Event "FISU World University-ch 2020"]
[Site "Online"]
[Date "2020.10.26"]
[Round "9.2"]
[White "Garidmagnai, Byambasuren"]
[Black "Navarrete Espi, Samuel"]
[Result "1-0"]
[WhiteElo "2369"]
[BlackElo "2251"]
[Annotator "NA"]
[PlyCount "77"]
[EventDate "2020.10.26"]
[SourceTitle "playchess.com"]
[Source "ChessBase"]
[SourceQuality "1"]

1. Nf3 Nf6 2. b3 g6 3. Bb2 Bg7 4. g3 d6 5. d4 O-O 6. Bg2 Nbd7 7. O-O e5 8. dxe5 Ng4 9. c4 Ngxe5 10. Nxe5 Nxe5 11. Nc3 Re8 12. Qd2 a6 13. Rad1 Rb8 14. c5 Bg4 15. h3 Bf5 16. f4 Nc6 17. e4 Be6 18. cxd6 cxd6 19. Kh2 Rc8 20. f5 Bd7 21. Qxd6 Ne5 22. Qd2 Bc6 23. Qf4 Qa5 24. f6 Bf8 25. Nd5 Bd6 26. Bc3 Qxa2 27. Ne7+ Bxe7 28. fxe7 Bxe4 29. Qxe4 Rxc3 30. Rd8 Rc8 31. Rxc8 Rxc8 32. Qxe5 Re8 33. Rd1 Qxb3 34. Rd8 Qa4 35. Qd6 f5 36. Qf6 Qb5 37. Rxe8+ Qxe8 38. Bd5+ Qf7 39. Bxf7# 1-0

[Event "FISU World University-ch 2020"]
[Site "Online"]
[Date "2020.10.26"]
[Round "9.2"]
[White "Garcia Martin, Marta"]
[Black "Agibileg, Uurtsaikh"]
[Result "1-0"]
[WhiteElo "2328"]
[BlackElo "2413"]
[Annotator "ChessBase"]
[PlyCount "119"]
[EventDate "2020.10.26"]
[SourceTitle "playchess.com"]
[Source "ChessBase"]
[SourceQuality "1"]

1. e4 c5 2. Nf3 e6 3. g3 Nc6 4. Bg2 Nf6 5. Qe2 d6 6. O-O Be7 7. Rd1 O-O 8. d4 cxd4 9. Nxd4 Nxd4 10. Rxd4 Qc7 11. c4 e5 12. Rd1 Be6 13. b3 a6 14. Bg5 b5 15. Nd2 bxc4 16. Rac1 c3 17. Bxf6 Bxf6 18. Nb1 Rfc8 19. Rxc3 Qa5 20. Rcd3 Be7 21. Qb2 Ra7 22. Nc3 Rac7 23. Nd5 Rc2 24. Nxe7+ Kf8 25. Qb1 Kxe7 26. Rxd6 Qa3 27. Bf1 Rc1 28. Qd3 Rxd1 29. Rxe6+ fxe6 30. Qxd1 Qc1 31. Qh5 Rc2 32. Qxe5 Qb2 33. Qxb2 Rxb2 34. Bxa6 Rxa2 35. Bc4 e5 36. h4 Kd6 37. Kg2 h6 38. Kf3 Kc5 39. Ke3 g5 40. hxg5 hxg5 41. Be6 Rc2 42. Kf3 Kd4 43. Bd5 Rb2 44. Kg4 Rxf2 45. Kxg5 Ke3 46. g4 Rf8 47. Kg6 Kf4 48. g5 Rb8 49. Kh6 Rh8+ 50. Kg7 Rc8 51. g6 Kg5 52. Bf7 Rc7 53. Kf8 Kf6 54. b4 Rb7 55. Be8 Rc7 56. b5 Rb7 57. b6 Re7 58. Bc6 Rg7 59. b7 Rh7 60. gxh7 1-0

[Event "FISU World University-ch 2020"]
[Site "Online"]
[Date "2020.10.26"]
[Round "9.2"]
[White "Torrijos Garcia, Borja"]
[Black "Uuriintuya, Uurtsaikh"]
[Result "1/2-1/2"]
[WhiteElo "2130"]
[BlackElo "2288"]
[Annotator "NA"]
[PlyCount "118"]
[EventDate "2020.10.26"]
[SourceTitle "playchess.com"]
[Source "ChessBase"]
[SourceQuality "1"]

1. e4 c5 2. Nf3 Nc6 3. Bb5 d6 4. O-O Bd7 5. Re1 a6 6. Bf1 Nf6 7. c3 e5 8. h3 Be7 9. d4 O-O 10. Bg5 h6 11. Bxf6 Bxf6 12. dxc5 dxc5 13. Bc4 Qc7 14. Na3 Ne7 15. Nc2 Bc6 16. Bd5 Rad8 17. c4 b5 18. b3 g6 19. Qe2 Bg7 20. Rad1 Bd7 21. Rd2 Kh7 22. Red1 Ng8 23. Ne3 Nf6 24. Rd3 Nh5 25. R3d2 Nf4 26. Qf1 b4 27. Kh2 a5 28. Ng1 a4 29. g3 Nh5 30. Ne2 f5 31. exf5 gxf5 32. f4 exf4 33. Nxf4 Nxf4 34. gxf4 Rfe8 35. Qf3 Re7 36. Re2 Rde8 37. Rde1 Bc3 38. Rg1 Bd4 39. Rge1 Bf6 40. Rg1 Qd6 41. Rge1 Bg5 42. Ng2 Rxe2 43. Rxe2 Rxe2 44. Qxe2 Bxf4+ 45. Nxf4 Qxf4+ 46. Kh1 Qh4 47. Qg2 Qg5 48. Qf2 axb3 49. axb3 Qe7 50. Qg3 Qg7 51. Qd6 Qa1+ 52. Kh2 Qb2+ 53. Kh1 Qc1+ 54. Kh2 Qd2+ 55. Kh1 Qe1+ 56. Kh2 Qd2+ 57. Kh1 Qd1+ 58. Kh2 Qd2+ 59. Kh1 Qd1+ 1/2-1/2

[Event "FISU World University-ch 2020"]
[Site "Online"]
[Date "2020.10.26"]
[Round "9.3"]
[White "Nenezic, Marko"]
[Black "Makhnev, Denis"]
[Result "1-0"]
[WhiteElo "2528"]
[BlackElo "2486"]
[Annotator "TA"]
[PlyCount "41"]
[EventDate "2020.10.26"]
[SourceTitle "playchess.com"]
[Source "ChessBase"]
[SourceQuality "1"]

1. d4 Nf6 2. c4 e6 3. Nc3 Bb4 4. e3 d5 5. a3 Bxc3+ 6. bxc3 c5 7. cxd5 exd5 8. Bd3 Qa5 9. Ne2 cxd4 10. exd4 O-O 11. f3 h6 12. O-O Bd7 13. a4 Re8 14. Qe1 Bc6 15. Qg3 Kh8 16. Qh4 Nbd7 17. Bxh6 gxh6 18. Qxh6+ Kg8 19. Ng3 Re6 20. Nf5 Nh5 21. Ne7+ 1-0

[Event "FISU World University-ch 2020"]
[Site "Online"]
[Date "2020.10.26"]
[Round "9.3"]
[White "Djordjevic, Vuk"]
[Black "Serikbay, Assel"]
[Result "1-0"]
[WhiteElo "2347"]
[BlackElo "2247"]
[Annotator "NA"]
[PlyCount "67"]
[EventDate "2020.10.26"]
[SourceTitle "playchess.com"]
[Source "ChessBase"]
[SourceQuality "1"]

1. e4 c5 2. Nc3 e6 3. g3 Nc6 4. Bg2 g6 5. d3 Bg7 6. Be3 d6 7. Qd2 Nd4 8. Nd1 Ne7 9. c3 Ndc6 10. Bh6 O-O 11. h4 f5 12. h5 Qe8 13. Nf3 fxe4 14. dxe4 d5 15. Bxg7 Kxg7 16. Ne3 gxh5 17. O-O-O Qg6 18. Nh4 Qh6 19. exd5 exd5 20. Bxd5 Ne5 21. f4 N5g6 22. Nf3 Nh8 23. Ng5 Nf5 24. Qe1 Re8 25. Nxf5+ Bxf5 26. Qf2 Qg6 27. Qxc5 Rac8 28. Qxa7 Qf6 29. Qd4 h6 30. Ne4 Bxe4 31. Bxe4 Nf7 32. Rxh5 Nd6 33. Qxf6+ Kxf6 34. Rxd6+ 1-0

[Event "FISU World University-ch 2020"]
[Site "Online"]
[Date "2020.10.26"]
[Round "9.3"]
[White "Nurzhanov, Timur"]
[Black "Zajic, Milan"]
[Result "0-1"]
[WhiteElo "2292"]
[BlackElo "2467"]
[Annotator "ChessBase"]
[PlyCount "80"]
[EventDate "2020.10.26"]
[SourceTitle "playchess.com"]
[Source "ChessBase"]
[SourceQuality "1"]

1. d4 Nf6 2. c4 e6 3. Nc3 Bb4 4. g3 c5 5. Nf3 O-O 6. Bg2 cxd4 7. Nxd4 d5 8. O-O e5 9. Nc2 Bxc3 10. bxc3 dxc4 11. Ba3 Re8 12. Ne3 Qa5 13. Nxc4 Qa6 14. Qb3 Be6 15. Bxb7 Bxc4 16. Qb2 Qe6 17. Bxa8 e4 18. Rad1 Nbd7 19. Bb7 Qh3 20. f3 Ne5 21. Rfe1 h5 22. Bd6 Ng6 23. Rd4 exf3 24. Bxf3 Ba6 25. c4 h4 26. e4 hxg3 27. hxg3 Nh4 28. Bh1 Nf5 29. Bg2 Qg4 30. Rd2 Nxd6 31. Rxd6 Qxg3 32. Rdd1 Ng4 33. Qe2 Qh2+ 34. Kf1 Qf4+ 35. Kg1 Re5 36. Rd3 Qh2+ 37. Kf1 Qf4+ 38. Kg1 Bxc4 39. Bh3 Bxd3 40. Qxg4 Rg5 0-1

[Event "FISU World University-ch 2020"]
[Site "Online"]
[Date "2020.10.26"]
[Round "9.3"]
[White "Sadubayev, Airat"]
[Black "Velikic, Adela"]
[Result "0-1"]
[WhiteElo "2190"]
[BlackElo "2259"]
[Annotator "NA"]
[PlyCount "106"]
[EventDate "2020.10.26"]
[SourceTitle "playchess.com"]
[Source "ChessBase"]
[SourceQuality "1"]

1. d4 e6 2. Bf4 Nf6 3. e3 b6 4. Nf3 Bb7 5. Bd3 Be7 6. h3 O-O 7. O-O Ne4 8. c4 f5 9. Qc2 d6 10. Nc3 Nxc3 11. Qxc3 Bxf3 12. gxf3 Nd7 13. Kh1 Qe8 14. Rg1 Qh5 15. Be2 Qxh3+ 16. Bh2 Bf6 17. Rg3 Qh5 18. Qd3 Qf7 19. Rag1 Rfe8 20. Bd1 Nf8 21. Bc2 Rad8 22. b4 Kh8 23. a3 g6 24. Rh3 e5 25. d5 Re7 26. Qe2 a5 27. Ba4 axb4 28. axb4 Ra8 29. Bc6 Ra7 30. Bg3 Nd7 31. Bh4 Bxh4 32. Rxh4 Qf6 33. Rh3 Qg7 34. Kg2 e4 35. f4 Nf6 36. Qb2 Ng4 37. Qd2 Qf6 38. Rgh1 h5 39. Qc2 Kg7 40. Rd1 Ra3 41. Rc1 Rf7 42. c5 bxc5 43. bxc5 Re7 44. Bb5 Ra5 45. cxd6 cxd6 46. Bc6 Rea7 47. Rf1 Ra2 48. Qb3 Rb2 49. Qc4 Raa2 50. Be8 Rxf2+ 51. Rxf2 Rxf2+ 52. Kg3 Rf3+ 53. Kg2 Nxe3+ 0-1

[Event "FISU World University-ch 2020"]
[Site "Online"]
[Date "2020.10.26"]
[Round "9.4"]
[White "Sargsyan, Shant"]
[Black "Sliwicka, Alicja"]
[Result "1-0"]
[WhiteElo "2596"]
[BlackElo "2311"]
[Annotator "ChessBase"]
[PlyCount "109"]
[EventDate "2020.10.26"]
[SourceTitle "playchess.com"]
[Source "ChessBase"]
[SourceQuality "1"]

1. d4 Nf6 2. Nf3 c5 3. d5 b5 4. Bg5 d6 5. e3 a6 6. a4 b4 7. c3 bxc3 8. Nxc3 g6 9. a5 Bg7 10. Bd3 Bg4 11. Qa4+ Bd7 12. Qc2 O-O 13. O-O Bb5 14. Nd2 Nbd7 15. Rfb1 Ne5 16. Bf1 Rb8 17. Bxb5 axb5 18. b4 Qc7 19. bxc5 Qxc5 20. Bxf6 exf6 21. Nde4 Qc7 22. Qb3 b4 23. Ne2 f5 24. Rc1 Qd7 25. Nd2 Qb5 26. Nd4 Qd3 27. Rd1 Qa6 28. Rdc1 Rfc8 29. Rxc8+ Qxc8 30. a6 Ra8 31. Qa4 Qc5 32. N2b3 Qxd5 33. Qxb4 Nd3 34. Qb7 Qe4 35. Qxe4 fxe4 36. a7 Nc5 37. Ra5 Bf6 38. Nxc5 Bd8 39. Rb5 dxc5 40. Rb8 Rxa7 41. Rxd8+ Kg7 42. Nc2 Ra2 43. Rd2 Kf6 44. Kf1 c4 45. Re2 Rb2 46. Nd4 c3 47. Rc2 Rb1+ 48. Ke2 Rg1 49. g3 g5 50. Rxc3 Rh1 51. Rc6+ Ke5 52. Rh6 f5 53. Rxh7 f4 54. gxf4+ gxf4 55. Rh5+ 1-0

[Event "FISU World University-ch 2020"]
[Site "Online"]
[Date "2020.10.26"]
[Round "9.4"]
[White "Sargsyan, Anna M."]
[Black "Kokoszczynski, Jan"]
[Result "1-0"]
[WhiteElo "2402"]
[BlackElo "2221"]
[Annotator "NA"]
[PlyCount "91"]
[EventDate "2020.10.26"]
[SourceTitle "playchess.com"]
[Source "ChessBase"]
[SourceQuality "1"]

1. d4 Nf6 2. c4 e6 3. Nf3 b6 4. g3 Bb7 5. Bg2 Bb4+ 6. Bd2 a5 7. O-O O-O 8. Nc3 Ne4 9. Nxe4 Bxe4 10. Bf4 Be7 11. Rc1 Bf6 12. Qb3 d6 13. Qe3 Bb7 14. Qd3 Nd7 15. e4 e5 16. Be3 exd4 17. Nxd4 Nc5 18. Qc2 Re8 19. f3 g6 20. Rcd1 Qe7 21. b3 Rad8 22. Bf2 Qf8 23. a3 Ne6 24. Nb5 Re7 25. Nc3 Bxc3 26. Qxc3 Qg7 27. Qc2 Rde8 28. b4 axb4 29. axb4 Ra8 30. f4 Ra3 31. f5 Nf8 32. Bxb6 Qc3 33. Qxc3 Rxc3 34. f6 Rd7 35. Bh3 Ne6 36. Bf2 Rxc4 37. e5 Rxb4 38. Rfe1 d5 39. Rb1 Rxb1 40. Rxb1 c6 41. Bc5 h6 42. Be7 d4 43. Rf1 d3 44. Bxe6 Rd4 45. Bb3 Rb4 46. Bxb4 1-0

[Event "FISU World University-ch 2020"]
[Site "Online"]
[Date "2020.10.26"]
[Round "9.4"]
[White "Chylewski, Patryk"]
[Black "Petrosyan, Manuel"]
[Result "1/2-1/2"]
[WhiteElo "2330"]
[BlackElo "2628"]
[Annotator "TA"]
[PlyCount "140"]
[EventDate "2020.10.26"]
[SourceTitle "playchess.com"]
[Source "ChessBase"]
[SourceQuality "1"]

1. d4 Nf6 2. c4 e6 3. Nc3 Bb4 4. Qc2 d5 5. cxd5 exd5 6. Bg5 h6 7. Bxf6 Qxf6 8. a3 Bxc3+ 9. Qxc3 c6 10. e3 O-O 11. Nf3 Bf5 12. Bd3 Nd7 13. Bxf5 Qxf5 14. O-O Nf6 15. Rac1 Ne4 16. Qc2 Qe6 17. Ne1 Nd6 18. Nd3 Rae8 19. Rfe1 Re7 20. Qc5 a6 21. Ne5 Rfe8 22. h3 g5 23. b4 f6 24. Nf3 Nc4 25. Qa7 Nxa3 26. Nd2 Nb5 27. Qc5 Nd6 28. Qc2 Kg7 29. Nb3 Qf5 30. Nc5 Qxc2 31. Rxc2 f5 32. Ra1 Nc4 33. Nd3 Kf6 34. g3 h5 35. Rac1 Rh8 36. Kg2 h4 37. g4 fxg4 38. hxg4 h3+ 39. Kh2 Re4 40. Rg1 Rh4 41. Rcc1 Nd2 42. Rg3 Rexg4 43. Rxg4 Rxg4 44. Kxh3 Rh4+ 45. Kg2 Nc4 46. Nc5 Rh7 47. e4 Rh4 48. exd5 cxd5 49. Nxb7 Rg4+ 50. Kf3 Rxd4 51. Ra1 Ne5+ 52. Kg3 Rg4+ 53. Kh3 Kf5 54. Rxa6 Rg1 55. Ra3 g4+ 56. Kh2 Rb1 57. Kg3 Nf3 58. Nd6+ Ke6 59. Ra6 Rxb4 60. Nc4+ Kd7 61. Ne3 d4 62. Nxg4 Nd2 63. Ne5+ Kc7 64. Kf4 Nb3 65. Nd3 Rc4 66. Ke5 Rc3 67. Nb4 Kb7 68. Rd6 Rf3 69. Nc2 d3 70. Ne1 Rxf2 1/2-1/2

[Event "FISU World University-ch 2020"]
[Site "Online"]
[Date "2020.10.26"]
[Round "9.4"]
[White "Kiolbasa, Oliwia"]
[Black "Harutyunian, Tigran K."]
[Result "0-1"]
[WhiteElo "2260"]
[BlackElo "2549"]
[Annotator "ChessBase"]
[PlyCount "64"]
[EventDate "2020.10.26"]
[SourceTitle "playchess.com"]
[Source "ChessBase"]
[SourceQuality "1"]

1. e4 e5 2. Nf3 Nc6 3. Bb5 a6 4. Ba4 Nf6 5. O-O b5 6. Bb3 Bc5 7. a4 Rb8 8. axb5 axb5 9. Nxe5 Nxe5 10. d4 Bxd4 11. Qxd4 d6 12. f4 Nc6 13. Qc3 Bb7 14. e5 Ne4 15. Qe1 Ne7 16. Nc3 Nxc3 17. Qxc3 O-O 18. f5 dxe5 19. f6 Ng6 20. fxg7 Kxg7 21. Qh3 Qh4 22. Qxh4 Nxh4 23. Bg5 Nxg2 24. Bf6+ Kg6 25. Bxe5 Rbe8 26. Bxc7 Ne3 27. Bd6 Nxf1 28. Kxf1 Ra8 29. Rd1 Rfd8 30. Rd3 Ra6 31. Rg3+ Kf5 32. Bc5 Rd2 0-1